[Event "Amber Blindfold"]
[Site "Monaco MNC"]
[Date "2001.03.25"]
[Round "8"]
[White "Karpov, Anatoly"]
[Black "Topalov, Veselin"]
[Result "0-1"]
[WhiteElo "2679"]
[BlackElo "2718"]
[EventDate "2001.03.17"]

1.Cf3 c5 2.c4 g6 3.d4 Fg7 4.e4 d6 5.Fe2 Cc6 6.d5 Cd4 7.Cxd4 cxd4 8.O-O Db6
9.Db3 Cf6 10.Cd2 O-O 11.Td1 Cd7 12.Dxb6 axb6 13.Cb3 Cc5 14.Cxc5 bxc5 15.
Fd3 Fd7 16.Fg5 Ff6 17.Fxf6 exf6 18.Tdb1 b6 19.a3 Tfb8 20.b4 Rf8 21.f4 Tc8 
22.bxc5 bxc5 23.Tb7 Re8 24.Rf2 Rd8 25.Re2 Tcb8 26.Txb8+ Txb8 27.Fc2 Tb2 
28.Rd1 d3 29.Fxd3 Txg2 30.Tb1 Rc7 31.h4 Tg4 32.Rd2 Txf4 33.a4 Txh4 34.a5 
Th2+ 35.Rc3 Ta2 36.Tf1 Txa5 37.Txf6 Fe8 38.e5 dxe5 39.Fe4 h5 40.Rb3 Ta1 
41.d6+ Rd7 42.Fd5 h4 43.Fxf7 Fxf7 44.Txf7+ Rxd6 45.Tf6+ Re7 46.Txg6 h3 47.
Th6 Th1 0-1

[Event "Amber Rapidplay"]
[Site "Monaco MNC"]
[Date "2001.03.27"]
[Round "9"]
[White "Anand, Viswanathan"]
[Black "Topalov, Veselin"]
[Result "0-1"]
[WhiteElo "2790"]
[BlackElo "2718"]
[EventDate "2001.03.17"]

1.e4 c5 2.Cf3 Cc6 3.d4 cxd4 4.Cxd4 Cf6 5.Cc3 e5 6.Cdb5 d6 7.Fg5 a6 8.Ca3 
b5 9.Fxf6 gxf6 10.Cd5 f5 11.c3 Fg7 12.Fd3 Fe6 13.Dh5 O-O 14.O-O f4 15.Tad1
Rh8 16.g3 Tg8 17.Rh1 Ff8 18.Fe2 Tg5 19.Df3 f5 20.gxf4 exf4 21.Cxf4 Fxa2 
22.exf5 Txf5 23.De4 Tf7 24.Fh5 Tf6 25.c4 Ce5 26.c5 Tc8 27.cxd6 Fxd6 28.Fe2
Df8 29.Ch5 Txf2 30.Cc2 Cd3 0-1

[Event "Amber Rapidplay"]
[Site "Monaco MNC"]
[Date "2001.03.28"]
[Round "10"]
[White "Topalov, Veselin"]
[Black "Leko, Peter"]
[Result "1/2-1/2"]
[WhiteElo "2718"]
[BlackElo "2745"]
[EventDate "2001.03.17"]

1.e4 e5 2.Cf3 Cf6 3.Cxe5 d6 4.Cf3 Cxe4 5.d4 d5 6.Fd3 Fd6 7.O-O O-O 8.c4 c6
9.Te1 Ff5 10.Dc2 Fg6 11.c5 Fc7 12.Cc3 f5 13.Ce2 Cd7 14.Ff4 Fh5 15.Fxc7 
Dxc7 16.Cd2 Tae8 17.f3 Cxd2 18.Dxd2 f4 19.Cc3 g5 20.g4 Fg6 21.Fxg6 hxg6 
22.Te2 Txe2 23.Dxe2 Cf6 24.Dd3 Dg7 25.Te1 Te8 26.Te2 Rf7 27.Dd2 Dh8 28.
Txe8 Cxe8 1/2-1/2

[Event "Amber Rapidplay"]
[Site "Monaco MNC"]
[Date "2001.03.29"]
[Round "11"]
[White "Ljubojevic, Ljubomir"]
[Black "Topalov, Veselin"]
[Result "1/2-1/2"]
[WhiteElo "2566"]
[BlackElo "2718"]
[EventDate "2001.03.17"]

1.Cf3 d5 2.d4 Cf6 3.c4 e6 4.Cc3 Fe7 5.Fg5 h6 6.Fh4 O-O 7.e3 b6 8.Tc1 Fb7 
9.Fe2 dxc4 10.O-O a6 11.Fxc4 Cbd7 12.a4 c5 13.De2 cxd4 14.exd4 Te8 15.Tfe1
Cf8 16.Tcd1 Cg6 17.Fg3 Fb4 18.Ce5 Cxe5 19.dxe5 Cd5 20.Cxd5 Fxd5 21.Fxd5 
exd5 22.Tf1 Dd7 23.Dc2 d4 24.Db3 Fc5 25.Td3 b5 26.axb5 1/2-1/2

[Event "Amber Blindfold"]
[Site "Monaco MNC"]
[Date "2001.03.27"]
[Round "9"]
[White "Topalov, Veselin"]
[Black "Anand, Viswanathan"]
[Result "1/2-1/2"]
[WhiteElo "2718"]
[BlackElo "2790"]
[EventDate "2001.03.17"]

1.e4 e6 2.d4 d5 3.Cc3 dxe4 4.Cxe4 Cd7 5.Cf3 Cgf6 6.Cxf6+ Cxf6 7.g3 b6 8.
Fg2 Fb7 9.O-O Fe7 10.De2 O-O 11.Td1 Dc8 12.c4 Te8 13.b3 a5 14.Fh3 Cd7 15.
Dd3 Dd8 16.Fg2 Cf6 17.Ce5 Fxg2 18.Rxg2 a4 19.Ff4 Ta6 20.Cc6 Da8 21.Df3 
axb3 22.Cxe7+ Txe7 23.Dxa8+ Txa8 24.axb3 Td8 25.Ta7 1/2-1/2

[Event "Amber Blindfold"]
[Site "Monaco MNC"]
[Date "2001.03.28"]
[Round "10"]
[White "Leko, Peter"]
[Black "Topalov, Veselin"]
[Result "0-1"]
[WhiteElo "2745"]
[BlackElo "2718"]
[EventDate "2001.03.17"]

1.e4 e5 2.Cf3 Cc6 3.Fb5 a6 4.Fa4 Cf6 5.O-O b5 6.Fb3 Fc5 7.c3 d6 8.d4 Fb6 
9.a4 Tb8 10.axb5 axb5 11.Ca3 O-O 12.Cxb5 exd4 13.cxd4 Fg4 14.Fg5 h6 15.Fh4
Te8 16.Te1 g5 17.Fg3 Fa5 18.Cc3 Fxc3 19.bxc3 Txe4 20.Fc2 Txe1+ 21.Dxe1 De7
22.h4 Dxe1+ 23.Cxe1 Cd5 24.Ta3 Fe2 25.hxg5 hxg5 26.Cd3 Rg7 27.Cc1 Fc4 28.
Ta4 Tb2 29.Fe4 Fb5 30.Ta2 Txa2 31.Cxa2 Cce7 32.f4 Fc4 33.Fxd5 Cxd5 34.Cb4 
Cxc3 35.Rf2 Ce2 36.d5 gxf4 37.Fh4 f6 38.Rf3 Rg6 39.Re4 Fb5 40.Ff2 Rg5 41.
Rf3 Cc3 42.Fd4 Cxd5 43.Cxd5 Fc6 44.Fa7 Fxd5+ 45.Rf2 c5 46.Fb8 c4 47.Fxd6 
c3 48.Fb4 c2 49.Fd2 Rg4 50.Fc1 f5 51.Fd2 f3 52.gxf3+ Fxf3 53.Fc1 f4 54.Fd2
Fe4 55.Fc1 Rf5 56.Re2 Re5 57.Re1 f3 58.Fe3 Rd5 59.Rd2 Rc4 60.Ff2 Rb3 61.
Fd4 Fc6 62.Rc1 Rc4 63.Fb6 Rd3 64.Fc5 Fe4 0-1

[Event "Amber Blindfold"]
[Site "Monaco MNC"]
[Date "2001.03.29"]
[Round "11"]
[White "Topalov, Veselin"]
[Black "Ljubojevic, Ljubomir"]
[Result "1/2-1/2"]
[WhiteElo "2718"]
[BlackElo "2566"]
[EventDate "2001.03.17"]

1.d4 Cf6 2.c4 e6 3.Cf3 b6 4.g3 Fa6 5.Cbd2 Fb4 6.Dc2 Fb7 7.Fg2 Fe4 8.Db3 
Fxd2+ 9.Fxd2 O-O 10.O-O d6 11.Tac1 Cbd7 12.Tfd1 De7 13.Da3 a5 14.Fh3 h6 
15.Ce5 Tfe8 16.Cxd7 Cxd7 17.f3 Fb7 18.e4 e5 19.Fe3 exd4 20.Fxd4 Cc5 21.Te1
f6 22.Dc3 Df7 23.b3 Te7 24.Ff5 h5 25.a3 a4 26.b4 Cb3 27.Ff2 Cxc1 28.Txc1 
Fc8 29.Fxc8 Txc8 30.Dc2 Ta8 31.h3 De6 32.g4 hxg4 33.hxg4 Rf7 34.Rg2 Tee8 
35.Td1 Th8 36.Fg3 The8 37.Td5 Ted8 38.Td1 Th8 39.Td5 Thd8 40.Td1 Te8 41.
Td5 Th8 1/2-1/2

[Event "Bosnia 2001"]
[Site "Sarajevo BIH"]
[Date "2001.05.13"]
[Round "1"]
[White "Topalov, Veselin"]
[Black "Movsesian, Sergei"]
[Result "1-0"]
[WhiteElo "2707"]
[BlackElo "2661"]
[EventDate "2001.05.13"]

1.e4 c5 2.Cf3 Cc6 3.d4 cxd4 4.Cxd4 e6 5.Cc3 Dc7 6.Fe3 a6 7.Dd2 b5 8.O-O-O 
Cf6 9.Ff4 Ce5 10.Cf3 Cfg4 11.Fg3 f6 12.Cxe5 Cxe5 13.f4 Cc4 14.Fxc4 Dxc4 
15.f5 Rf7 16.e5 b4 17.Cb1 exf5 18.exf6 gxf6 19.Fd6 Fxd6 20.Dxd6 Te8 21.b3 
Db5 22.The1 Fb7 23.a4 Dc6 24.Dxb4 Txe1 25.Dxe1 Tc8 26.Ca3 d5 27.Dh4 Rg8 
28.Td3 De6 29.Dg3+ Rf7 30.Te3 Db6 31.Dh3 Dc5 32.Dxh7+ Rf8 33.Tg3 1-0

[Event "Bosnia 2001"]
[Site "Sarajevo BIH"]
[Date "2001.05.14"]
[Round "2"]
[White "Atalik, Suat"]
[Black "Topalov, Veselin"]
[Result "0-1"]
[WhiteElo "2537"]
[BlackElo "2707"]
[EventDate "2001.05.13"]

1.d4 Cf6 2.c4 e6 3.Cf3 d5 4.Cc3 dxc4 5.e3 a6 6.Fxc4 b5 7.Fb3 Fb7 8.O-O c5 
9.De2 Cbd7 10.Td1 Db8 11.d5 Cxd5 12.Fxd5 Fxd5 13.Cxd5 exd5 14.Txd5 Db7 15.
e4 Fe7 16.Fg5 f6 17.Tad1 Cb6 18.Ff4 O-O 19.T5d2 Tfe8 20.e5 Ff8 21.Dd3 Cc4 
22.Te2 fxe5 23.Fxe5 Cxe5 24.Cxe5 c4 25.Df5 De7 26.Te3 Tad8 27.Tde1 De6 28.
Dxe6+ Txe6 29.Cxc4 Tc6 30.Ce5 Tc2 31.Tb3 Tdd2 32.g3 Txf2 0-1

[Event "Bosnia 2001"]
[Site "Sarajevo BIH"]
[Date "2001.05.15"]
[Round "3"]
[White "Topalov, Veselin"]
[Black "Dreev, Alexey"]
[Result "1/2-1/2"]
[WhiteElo "2707"]
[BlackElo "2685"]
[EventDate "2001.05.13"]

1.e4 c6 2.d4 d5 3.Cd2 dxe4 4.Cxe4 Ff5 5.Cg3 Fg6 6.h4 h6 7.Cf3 e6 8.Ce5 Fh7
9.Fd3 Fxd3 10.Dxd3 Cd7 11.f4 c5 12.Fe3 Da5+ 13.Fd2 Da4 14.Df3 Cgf6 15.Dxb7
Tb8 16.Dc7 cxd4 17.b3 Da6 18.Dc6 Tb6 19.Da8+ Tb8 20.Dc6 Tb6 21.Da8+ Tb8 
22.Dc6 1/2-1/2

[Event "Bosnia 2001"]
[Site "Sarajevo BIH"]
[Date "2001.05.16"]
[Round "4"]
[White "Smirin, Ilia"]
[Black "Topalov, Veselin"]
[Result "1/2-1/2"]
[WhiteElo "2691"]
[BlackElo "2707"]
[EventDate "2001.05.13"]

1.e4 c5 2.Cf3 d6 3.d4 cxd4 4.Cxd4 Cf6 5.Cc3 a6 6.Fe2 e6 7.O-O Fe7 8.f4 O-O
9.Rh1 Dc7 10.a4 Cc6 11.Fe3 Te8 12.Fd3 Cb4 13.a5 Fd7 14.De1 Cxd3 15.cxd3 
Fc6 16.Dg3 Cd7 17.f5 Ff6 18.Cde2 Fe5 19.Dh3 exf5 20.Dxf5 Ff6 21.d4 Cf8 22.
Df3 Cg6 23.Cg3 Dd7 24.Tad1 Fd8 25.b4 Tc8 26.Tc1 Tc7 27.Cf5 Ch4 28.Cxh4 
Fxh4 29.d5 Fb5 30.Cxb5 Txc1 31.Fxc1 axb5 32.Fb2 Fg5 33.h3 f6 34.Fc1 h6 
1/2-1/2

[Event "Bosnia 2001"]
[Site "Sarajevo BIH"]
[Date "2001.05.17"]
[Round "5"]
[White "Topalov, Veselin"]
[Black "Dizdarevic, Emir"]
[Result "1/2-1/2"]
[WhiteElo "2707"]
[BlackElo "2501"]
[EventDate "2001.05.13"]

1.e4 c6 2.d4 d5 3.Cd2 g6 4.c3 Fg7 5.Cgf3 Cd7 6.h3 e6 7.Fd3 Ce7 8.O-O O-O 
9.Te1 c5 10.exd5 Cxd5 11.Ce4 cxd4 12.Cxd4 Ce5 13.Ff1 h6 14.Fd2 Db6 15.Cb3 
Dc7 16.Dc1 f5 17.Cec5 b6 18.Ca6 Fxa6 19.Fxa6 g5 20.Cd4 Df7 21.f4 gxf4 22.
Fxf4 Cxf4 23.Dxf4 Cg6 24.Dd6 Tad8 25.Dxe6 Fxd4+ 26.cxd4 Txd4 27.Tac1 Rh7 
28.Dxf7+ Txf7 29.Tc2 h5 30.Fc4 Tf6 31.Fb5 Rh6 32.Te8 Tfd6 33.Tf2 Td2 34.
Txf5 Txb2 35.Fe2 h4 36.a4 Tb4 37.Tg8 Cf4 1/2-1/2

[Event "Bosnia 2001"]
[Site "Sarajevo BIH"]
[Date "2001.05.19"]
[Round "6"]
[White "Kozul, Zdenko"]
[Black "Topalov, Veselin"]
[Result "1/2-1/2"]
[WhiteElo "2595"]
[BlackElo "2707"]
[EventDate "2001.05.13"]

1.d4 d5 2.c4 dxc4 3.Cf3 e6 4.e3 Cf6 5.Fxc4 c5 6.O-O a6 7.dxc5 Fxc5 8.Dxd8+
Rxd8 9.Fe2 Re7 10.Cbd2 Fd7 11.Cb3 Fb6 12.Fd2 Cc6 13.Fc3 Thg8 14.Tfd1 Tac8 
15.Cg5 Tgd8 16.Ff3 Fe8 17.Txd8 Txd8 18.Tc1 h6 19.Ce4 Cxe4 20.Fxe4 f6 21.g4
h5 22.h3 hxg4 23.hxg4 Fd7 24.Rg2 Th8 25.Rg3 Fc7+ 26.f4 Fb6 27.Fd2 Rd6 28.
Td1 Re7 29.Tc1 Rd6 30.Fg2 Tc8 31.a3 Td8 32.Cd4 Fxd4 33.exd4 Fe8 34.Fc3 Fg6
35.Rf2 Fd3 36.Re3 Fg6 37.Fe1 Ff7 38.Tc5 Rd7 39.b4 Tc8 40.b5 axb5 41.Txb5 
Rc7 42.f5 Ta8 43.Fg3+ e5 44.dxe5 Txa3+ 45.Rf2 fxe5 46.Fxe5+ Cxe5 47.Txe5 
Rd6 48.Tb5 Tb3 49.Txb3 1/2-1/2

[Event "Bosnia 2001"]
[Site "Sarajevo BIH"]
[Date "2001.05.20"]
[Round "7"]
[White "Topalov, Veselin"]
[Black "Kurajica, Bojan"]
[Result "1-0"]
[WhiteElo "2707"]
[BlackElo "2567"]
[EventDate "2001.05.13"]

1.e4 c5 2.Cf3 a6 3.c3 d5 4.exd5 Dxd5 5.d4 Cf6 6.Fe2 cxd4 7.cxd4 e6 8.Cc3 
Dd6 9.Ce5 Cc6 10.Cxc6 bxc6 11.Ff3 Fe7 12.Ff4 Dd7 13.O-O Cd5 14.Fe5 O-O 15.
Ca4 Da7 16.Tc1 Fd7 17.Fe4 Fe8 18.Te1 f6 19.Fxd5 fxe5 20.Fxc6 Td8 21.Fxe8 
Txd4 22.Db3 Txe8 23.Txe5 Rh8 24.Txe6 Tf8 25.De3 Fh4 26.g3 Dd7 27.Cc5 Dd8 
28.gxh4 Tg4+ 29.Rf1 Tgf4 30.Ce4 Dxh4 31.h3 h6 32.Tc3 Dh5 33.Tc5 Df7 34.
Tce5 Tf3 35.Dc5 Rh7 36.Rg2 Db7 37.Txh6+ Rg8 38.Dc4+ T3f7 39.Tc6 Dxb2 40.
Tf5 1-0

[Event "Bosnia 2001"]
[Site "Sarajevo BIH"]
[Date "2001.05.21"]
[Round "8"]
[White "Topalov, Veselin"]
[Black "Georgiev, Kiril"]
[Result "1/2-1/2"]
[WhiteElo "2707"]
[BlackElo "2676"]
[EventDate "2001.05.13"]

1.Cf3 Cf6 2.c4 c6 3.d4 d5 4.Cc3 a6 5.c5 Cbd7 6.Ff4 Ch5 7.e3 g6 8.Fd3 Fg7 
9.O-O O-O 10.h3 Cxf4 11.exf4 b6 12.cxb6 Dxb6 13.Ca4 Da7 14.Tc1 Fxd4 15.
Fxg6 Fxf2+ 16.Txf2 hxg6 17.Cd4 Fb7 18.f5 Db8 19.fxg6 fxg6 20.Dg4 Txf2 21.
Dxg6+ Rh8 22.Dh6+ Rg8 23.Dg6+ Rh8 24.Dh5+ Rg8 25.Dg5+ Rf7 26.Dh5+ Rg8 27.
Dg4+ Rf7 28.Rxf2 Dd6 29.Cf5 Dg6 30.Dxg6+ Rxg6 31.g4 Rf6 32.Rg3 a5 33.h4 e6
34.Cd6 Fa6 35.Txc6 Ce5 36.Tb6 Cd7 37.Tc6 1/2-1/2

[Event "Bosnia 2001"]
[Site "Sarajevo BIH"]
[Date "2001.05.22"]
[Round "9"]
[White "Sokolov, Ivan"]
[Black "Topalov, Veselin"]
[Result "1/2-1/2"]
[WhiteElo "2659"]
[BlackElo "2707"]
[EventDate "2001.05.13"]

1.d4 Cf6 2.c4 g6 3.Cc3 d5 4.cxd5 Cxd5 5.e4 Cxc3 6.bxc3 Fg7 7.Cf3 c5 8.Fe3 
Da5 9.Dd2 Cc6 10.Tc1 Fg4 11.d5 Td8 12.Db2 Fxf3 13.gxf3 Cd4 14.Fxd4 cxd4 
15.Db5+ Dxb5 16.Fxb5+ Rf8 17.cxd4 Fxd4 18.Tc7 Fe5 19.Txb7 Tb8 20.Txb8+ 
Fxb8 21.O-O Ff4 22.Te1 Rg7 23.e5 Tc8 24.Fc6 e6 25.Te4 g5 26.h4 h6 27.hxg5 
hxg5 28.Rg2 exd5 29.Fxd5 Te8 30.e6 fxe6 31.Fxe6 Rf6 32.Fb3 1/2-1/2

[Event "Advanced Chess"]
[Site "Leon ESP"]
[Date "2001.06.08"]
[Round "1.1"]
[White "Topalov, Veselin"]
[Black "Shirov, Alexei"]
[Result "1-0"]
[WhiteElo "2707"]
[BlackElo "2722"]
[EventDate "2001.06.08"]

1.e4 e6 2.d4 d5 3.Cc3 Cf6 4.Fg5 dxe4 5.Cxe4 Cbd7 6.Cf3 Fe7 7.Cxf6+ Fxf6 8.
h4 c5 9.Dd2 cxd4 10.Cxd4 O-O 11.O-O-O h6 12.Cf3 Db6 13.c3 e5 14.Fe3 Da5 
15.g4 e4 16.g5 Fe7 17.gxh6 Dxa2 18.Dd4 Cf6 19.hxg7 Te8 20.Fc4 Da1+ 21.Rc2 
Da4+ 22.Fb3 Dxd4 23.Cxd4 Rxg7 24.Tdg1+ Rh7 25.Fxf7 Tf8 26.Fg6+ Rh8 27.Cf5 
Fxf5 28.Fxf5 Cd5 29.Fxe4 Cxe3+ 30.fxe3 Tf2+ 31.Rb1 Fc5 32.Tg5 Fxe3 33.Th5+
Rg7 34.Te1 Fb6 35.Tg5+ 1-0

[Event "Advanced Chess"]
[Site "Leon ESP"]
[Date "2001.06.08"]
[Round "1.2"]
[White "Shirov, Alexei"]
[Black "Topalov, Veselin"]
[Result "1-0"]
[WhiteElo "2722"]
[BlackElo "2707"]
[EventDate "2001.06.08"]

1.e4 c5 2.Cf3 Cc6 3.d4 cxd4 4.Cxd4 Cf6 5.Cc3 e5 6.Cdb5 d6 7.Fg5 a6 8.Ca3 
b5 9.Fxf6 gxf6 10.Cd5 f5 11.Fxb5 axb5 12.Cxb5 Ta4 13.b4 Txb4 14.Cbc7+ Rd7 
15.O-O Dxc7 16.c3 Txe4 17.Dh5 Rd8 18.Cxc7 Rxc7 19.Dxf7+ Fe7 20.Tab1 Fa6 
21.Tfd1 Tf8 22.Db3 Tb8 23.De6 Txb1 24.Txb1 Fd3 25.Td1 f4 26.Dd5 Fc2 27.Tc1
Te2 28.a4 e4 29.a5 Fd3 30.Ta1 Tb2 31.c4 Tb7 32.a6 Ta7 33.f3 Ce5 34.fxe4 
Fxc4 35.Tc1 Txa6 36.Txc4+ Cxc4 37.Dxc4+ Tc6 38.Df7 Rd8 39.Dg8+ Rd7 40.Dxh7
Tc5 41.Df7 Tc1+ 42.Rf2 Tc8 43.Df5+ Rc7 44.De6 1-0

[Event "Advanced Chess"]
[Site "Leon ESP"]
[Date "2001.06.08"]
[Round "1.3"]
[White "Topalov, Veselin"]
[Black "Shirov, Alexei"]
[Result "0-1"]
[WhiteElo "2707"]
[BlackElo "2722"]
[EventDate "2001.06.08"]

1.e4 e6 2.d4 d5 3.Cc3 Cf6 4.Fg5 dxe4 5.Cxe4 Cbd7 6.Cf3 h6 7.Cxf6+ Cxf6 8.
Fxf6 Dxf6 9.Fb5+ c6 10.Fd3 a6 11.c3 c5 12.Ce5 Fd6 13.Da4+ Re7 14.O-O Fxe5 
15.dxe5 Dxe5 16.Tae1 Dc7 17.Dh4+ g5 18.Dh5 Fd7 19.f4 c4 20.fxg5 Dc5+ 21.
Rh1 cxd3 22.Txf7+ Rd8 23.Dg6 Dd6 24.Td1 Rc8 25.Txd3 De5 26.h3 Fe8 27.Dg7 
Dxg7 28.Txg7 hxg5 29.Td6 Fc6 30.Rg1 Te8 31.Rf2 e5 32.g4 e4 33.Tf6 e3+ 34.
Re2 Fb5+ 35.Re1 Rb8 36.b3 Ra7 37.Td6 Th8 38.c4 Fe8 39.Re2 Txh3 40.Txg5 Fc6
41.Te5 Ff3+ 42.Rxe3 Fxg4+ 43.Rd4 Th2 44.Tg6 Fd1 45.Ta5 Td8+ 46.Rc3 Tdd2 
47.Tg1 Ff3 48.a4 Tc2+ 49.Rd4 Th4+ 0-1

[Event "Advanced Chess"]
[Site "Leon ESP"]
[Date "2001.06.08"]
[Round "1.4"]
[White "Shirov, Alexei"]
[Black "Topalov, Veselin"]
[Result "1/2-1/2"]
[WhiteElo "2722"]
[BlackElo "2707"]
[EventDate "2001.06.08"]

1.e4 c5 2.Cf3 d6 3.d4 cxd4 4.Cxd4 Cf6 5.Cc3 a6 6.Fe3 e6 7.Fe2 Dc7 8.Dd2 b5
9.a3 Fe7 10.g4 Fb7 11.f3 O-O 12.O-O-O Cc6 13.g5 Cxd4 14.Dxd4 Cd7 15.h4 
Tac8 16.h5 e5 17.Dd2 Cb6 18.g6 Cc4 19.Fxc4 Dxc4 20.Fg5 Fxg5 21.gxh7+ Rxh7 
22.Dxg5 De6 23.Thg1 Tg8 24.Rb1 Tcd8 25.Cd5 Fxd5 26.Txd5 Tc8 27.Tgd1 Tc6 
28.f4 exf4 29.Dxf4 Td8 30.Tg5 Tg8 31.Tgd5 Td8 32.Tg5 Tg8 1/2-1/2

[Event "Sparkassen Cat XXI"]
[Site "Dortmund GER"]
[Date "2001.07.12"]
[Round "1"]
[White "Topalov, Veselin"]
[Black "Kramnik, Vladimir"]
[Result "0-1"]
[WhiteElo "2711"]
[BlackElo "2802"]
[EventDate "2001.07.12"]

1.Cf3 Cf6 2.c4 e6 3.Cc3 Fb4 4.Db3 c5 5.g3 Cc6 6.a3 Fa5 7.Fg2 O-O 8.O-O d5 
9.d3 h6 10.Ff4 Te8 11.Ca4 b6 12.Ce5 Fd7 13.e3 g5 14.Cxc6 Fxc6 15.Fe5 Cg4 
16.Fc3 Fxc3 17.Cxc3 dxc4 18.dxc4 Fxg2 19.Rxg2 De7 20.Ce4 f5 21.h3 Ce5 22.
Dc3 Cd7 23.Cd2 Tad8 24.Tad1 Cf6 25.Cf3 Txd1 26.Txd1 e5 27.Dc2 e4 28.Cg1 
Td8 29.Ce2 Txd1 30.Dxd1 Dd7 31.Dxd7 Cxd7 32.b3 Ce5 33.Cc3 Rf7 34.g4 fxg4 
35.hxg4 Cxg4 36.Cxe4 Re6 37.Cc3 Ce5 38.f4 gxf4 39.exf4 Cc6 40.Cb5 h5 41.
Rg3 a5 42.Cc7+ Rf5 43.Cd5 Cd4 44.Rh4 Cxb3 45.Rxh5 Cd2 46.Cxb6 Rxf4 47.Ca4 
Ce4 0-1

[Event "Sparkassen Cat XXI"]
[Site "Dortmund GER"]
[Date "2001.07.13"]
[Round "2"]
[White "Morozevich, Alexander"]
[Black "Topalov, Veselin"]
[Result "0-1"]
[WhiteElo "2749"]
[BlackElo "2711"]
[EventDate "2001.07.12"]

1.e4 e5 2.Cf3 Cf6 3.Cxe5 d6 4.Cf3 Cxe4 5.Fd3 Cf6 6.h3 Fe7 7.O-O O-O 8.c3 
c5 9.Fc2 Cc6 10.d4 Fe6 11.Te1 h6 12.Fe3 Te8 13.Cbd2 Ff8 14.Ce4 Cd5 15.dxc5
Cxe3 16.Txe3 dxc5 17.De2 Dc7 18.Te1 Tad8 19.Ceg5 Td6 20.Ce4 Tdd8 21.Cfg5 
Fd5 22.Dh5 Te5 23.f4 Tf5 24.g3 g6 25.Dh4 c4 26.Rh2 Rg7 27.Dg4 hxg5 28.Cxg5
Txg5 29.Dxg5 Db6 30.f5 Fe7 31.Df4 Dxb2 32.Txe7 Dxc2+ 33.T1e2 Dxf5 34.Dxf5 
gxf5 35.Te8 Td7 36.Td2 Rf6 37.Rg1 Ce5 38.Rf2 Cd3+ 39.Re3 Fc6 40.Tb8 Te7+ 
0-1

[Event "Sparkassen Cat XXI"]
[Site "Dortmund GER"]
[Date "2001.07.14"]
[Round "3"]
[White "Topalov, Veselin"]
[Black "Anand, Viswanathan"]
[Result "1-0"]
[WhiteElo "2711"]
[BlackElo "2794"]
[EventDate "2001.07.12"]

1.e4 e6 2.d4 d5 3.Cc3 Cf6 4.Fg5 dxe4 5.Cxe4 Cbd7 6.Cf3 h6 7.Cxf6+ Cxf6 8.
Fxf6 Dxf6 9.Fb5+ c6 10.Fd3 a6 11.c3 c5 12.Ce5 Fd6 13.De2 cxd4 14.cxd4 Fd7 
15.O-O Df4 16.g3 Dxd4 17.Cxd7 Rxd7 18.Df3 Re7 19.Dxb7+ Rf6 20.Tad1 Da7 21.
Df3+ Re7 22.Dg4 g5 23.Fc4 Db6 24.Td3 Tad8 25.Tf3 Fe5 26.Te1 f6 27.Dh5 Db4 
28.Txe5 Dxc4 29.Te1 Dxa2 30.Dg6 Thf8 31.Dxh6 Dxb2 32.Dg7+ Tf7 33.Txe6+ 
Rxe6 34.Te3+ De5 35.Txe5+ fxe5 36.Dxg5 Tdf8 37.Dg4+ Rd5 38.Dd1+ Rc5 39.
Dc2+ Rb4 40.Db2+ Rc5 41.Dxe5+ Rb6 42.h4 a5 43.h5 Td7 44.De6+ Rc7 45.h6 1-0

[Event "Sparkassen Cat XXI"]
[Site "Dortmund GER"]
[Date "2001.07.15"]
[Round "4"]
[White "Adams, Michael"]
[Black "Topalov, Veselin"]
[Result "1/2-1/2"]
[WhiteElo "2744"]
[BlackElo "2711"]
[EventDate "2001.07.12"]

1.e4 e5 2.Cf3 Cc6 3.Fb5 a6 4.Fa4 Cf6 5.O-O b5 6.Fb3 Fc5 7.a4 Tb8 8.d3 d6 
9.c3 Fg4 10.Cbd2 O-O 11.h3 Fd7 12.Te1 Fb6 13.Cf1 Ce7 14.Cg3 Cg6 15.d4 c5 
16.Fe3 cxd4 17.cxd4 Fa5 18.Te2 Fb4 19.a5 Fc6 20.Fd2 Fxd2 21.Dxd2 b4 22.
Tee1 Dc7 23.h4 Tfd8 24.Tac1 Db7 25.h5 Cf4 26.dxe5 dxe5 27.De3 Cg4 28.Dc5 
Fe8 29.Fc4 Tdc8 30.Dd6 Da7 31.Dd2 Td8 32.Fd5 Cxd5 33.exd5 Txd5 34.Dxd5 
Dxf2+ 35.Rh1 Dxg3 36.Tc2 Fb5 37.Rg1 h6 38.Tec1 Te8 39.Tc8 Df2+ 40.Rh1 Dxb2
41.Txe8+ Fxe8 42.Tc8 Da1+ 43.Cg1 Cf6 44.Dc6 b3 45.Txe8+ Cxe8 46.Dxe8+ Rh7 
47.Dxf7 Db1 48.Rh2 b2 49.Ce2 Dd3 50.Cc3 Dxc3 1/2-1/2

[Event "Sparkassen Cat XXI"]
[Site "Dortmund GER"]
[Date "2001.07.16"]
[Round "5"]
[White "Topalov, Veselin"]
[Black "Leko, Peter"]
[Result "1/2-1/2"]
[WhiteElo "2711"]
[BlackElo "2730"]
[EventDate "2001.07.12"]

1.d4 Cf6 2.c4 e6 3.Cf3 b6 4.g3 Fa6 5.b3 Fb4+ 6.Fd2 Fe7 7.Fg2 c6 8.O-O d5 
9.Cc3 Cbd7 10.Ff4 Tc8 11.Dd3 O-O 12.Tfd1 c5 13.Cb5 Fxb5 14.cxb5 Ch5 15.Fd2
Chf6 16.Ce5 Cxe5 17.dxe5 Cd7 18.f4 c4 19.bxc4 Txc4 20.Tac1 Cc5 21.Db1 Ta4 
22.Fe3 a6 23.bxa6 Txa6 24.Fd4 Da8 25.Td2 Ce4 26.Fxe4 1/2-1/2

[Event "Sparkassen Cat XXI"]
[Site "Dortmund GER"]
[Date "2001.07.18"]
[Round "6"]
[White "Kramnik, Vladimir"]
[Black "Topalov, Veselin"]
[Result "1/2-1/2"]
[WhiteElo "2802"]
[BlackElo "2711"]
[EventDate "2001.07.12"]

1.d4 Cf6 2.c4 e6 3.Cf3 c5 4.d5 d6 5.Cc3 exd5 6.cxd5 g6 7.Cd2 Fg7 8.e4 O-O 
9.Fe2 Te8 10.O-O Ca6 11.f3 Cc7 12.a4 Cd7 13.Rh1 b6 14.Ta3 De7 15.Cb5 Cxb5 
16.Fxb5 Td8 17.a5 a6 18.Fc6 Tb8 19.axb6 Cxb6 20.b3 Fe5 21.f4 Fg7 22.f5 Cd7
23.Fxd7 Fxd7 24.Df3 Fd4 25.f6 Df8 26.Cc4 Fb5 27.Fe3 Fxe3 28.Dxe3 h5 29.h4 
Rh7 30.Tfa1 Fxc4 31.bxc4 Tb4 32.Tc3 Te8 33.Txa6 Tb1+ 34.Rh2 Tf1 35.Tca3 
Txf6 36.e5 Tf5 37.e6 fxe6 38.Ta7+ Rg8 39.Dg3 Df6 40.Ta8 Txa8 41.Txa8+ Rg7 
42.Ta7+ Rg8 1/2-1/2

[Event "Sparkassen Cat XXI"]
[Site "Dortmund GER"]
[Date "2001.07.19"]
[Round "7"]
[White "Topalov, Veselin"]
[Black "Morozevich, Alexander"]
[Result "1-0"]
[WhiteElo "2711"]
[BlackElo "2749"]
[EventDate "2001.07.12"]

1.e4 c5 2.Cf3 Cc6 3.d4 cxd4 4.Cxd4 Db6 5.Cb3 Cf6 6.Cc3 e6 7.a3 Fe7 8.Ff4 
O-O 9.Fd6 Cg4 10.Fg3 Cge5 11.f4 De3+ 12.Fe2 Cg6 13.Dd3 Dxd3 14.Fxd3 a6 15.
O-O-O f6 16.Ce2 b5 17.Ff2 Tb8 18.g3 Ch8 19.Td2 Cf7 20.Thd1 Te8 21.c3 e5 
22.c4 b4 23.a4 Ff8 24.c5 exf4 25.gxf4 d6 26.Rb1 h5 27.Tc1 Fb7 28.Fc4 Txe4 
29.Fd5 Ce7 30.Fxf7+ Rxf7 31.cxd6 Cd5 32.Cc5 Cc3+ 33.bxc3 bxc3 34.Txc3 Tb4+
35.Ra2 Fe4 36.Ra3 a5 37.Cd7 T8b7 38.Cxf8 1-0

[Event "Sparkassen Cat XXI"]
[Site "Dortmund GER"]
[Date "2001.07.20"]
[Round "8"]
[White "Anand, Viswanathan"]
[Black "Topalov, Veselin"]
[Result "0-1"]
[WhiteElo "2794"]
[BlackElo "2711"]
[EventDate "2001.07.12"]

1.e4 c5 2.Cf3 Cc6 3.Fb5 d6 4.O-O Fd7 5.Te1 Cf6 6.c3 a6 7.Ff1 Fg4 8.d3 e6 
9.Cbd2 Cd7 10.h3 Fh5 11.g4 Fg6 12.d4 cxd4 13.cxd4 e5 14.d5 Ccb8 15.b4 h5 
16.g5 a5 17.bxa5 Fe7 18.Cb3 O-O 19.Dd2 Ca6 20.Ch4 Cac5 21.Fg2 b6 22.Cf5 f6
23.Ch4 De8 24.Cxc5 Cxc5 25.axb6 fxg5 26.Cxg6 Dxg6 27.De2 Tfb8 28.Tb1 Fd8 
29.Fe3 Fxb6 30.Tec1 g4 31.hxg4 hxg4 32.Tb4 Fa5 33.Txb8+ Txb8 34.Fxc5 dxc5 
35.d6 Dxd6 36.Dc4+ Rh8 37.Dxc5 Dh6 38.Td1 Fb6 39.Dxe5 Tf8 40.Tf1 Dh4 41.
Dh2 Fxf2+ 42.Rh1 Dxh2+ 43.Rxh2 g5 44.Fh1 g3+ 45.Rg2 g4 46.Td1 Rg7 47.Rf1 
Fd4+ 48.Re2 Fe5 49.Td2 Ta8 50.Fg2 Rf6 51.Rd3 Rg5 52.Re2 Rf4 53.Tc2 Ta3 54.
Td2 Te3+ 55.Rd1 Ta3 56.Te2 Ta7 57.Tc2 Tb7 58.Te2 Tb1+ 59.Rc2 Tg1 60.Rd3 
Tc1 61.Td2 Tc3+ 62.Re2 Tf3 63.Rd1 Fc3 64.Te2 Re5 65.Rc2 Fd4 66.Rd1 Tf8 67.
Td2 Tb8 68.Re2 Fc3 69.Td5+ Re6 70.Rd3 Fe5 71.Tc5 Tb1 72.Tc6+ Rd7 73.Tc2 
Tg1 74.a4 Ta1 75.Rc4 Re6 76.Rb3 Fd4 77.Ta2 Tg1 78.a5 Ff2 79.a6 Re5 80.Ta5+
Rf6 81.e5+ Re6 82.Fd5+ Rxe5 83.Fb7+ Rf6 84.Ta4 g2 0-1

[Event "Sparkassen Cat XXI"]
[Site "Dortmund GER"]
[Date "2001.07.21"]
[Round "9"]
[White "Leko, Peter"]
[Black "Topalov, Veselin"]
[Result "1/2-1/2"]
[WhiteElo "2730"]
[BlackElo "2711"]
[EventDate "2001.07.12"]

1.e4 c5 2.Cf3 Cc6 3.Fb5 d6 4.O-O Fd7 5.Te1 Cf6 6.h3 a6 7.Ff1 e6 8.c3 Fe7 
9.Ca3 O-O 10.Cc2 Ce5 11.d3 Cxf3+ 12.Dxf3 Fa4 13.De2 Fc6 14.g3 d5 15.e5 Cd7
16.h4 Db6 17.Fg2 Tae8 18.Tb1 Fd8 19.b4 Dc7 20.Ff4 Fe7 21.Ce3 cxb4 22.cxb4 
Db6 23.Cg4 Tc8 24.Fe3 d4 25.Fxc6 Txc6 26.Fg5 Fxg5 27.hxg5 Tfc8 28.De4 Tc2 
29.a4 a5 30.bxa5 Dxa5 31.Dxd4 Dc7 32.Tb5 Td8 33.Dd6 Dxd6 34.exd6 b6 35.d4 
Tc6 36.d5 Txd6 37.dxe6 fxe6 1/2-1/2

[Event "Sparkassen Cat XXI"]
[Site "Dortmund GER"]
[Date "2001.07.22"]
[Round "10"]
[White "Topalov, Veselin"]
[Black "Adams, Michael"]
[Result "1/2-1/2"]
[WhiteElo "2711"]
[BlackElo "2744"]
[EventDate "2001.07.12"]

1.e4 e5 2.Cf3 Cf6 3.Cxe5 d6 4.Cf3 Cxe4 5.d4 d5 6.Fd3 Cc6 7.O-O Fe7 8.c4 
Cb4 9.Te1 Cxd3 10.Dxd3 c6 11.cxd5 cxd5 12.Db5+ Dd7 13.Db3 O-O 14.Cc3 Cxc3 
15.bxc3 Td8 16.Fa3 Ff6 17.Te3 Dc7 18.Dxd5 Fe6 19.Db5 h6 20.h3 Tac8 21.Db2 
b6 22.Tae1 Dc4 23.T1e2 Da4 24.Rh2 Td5 25.Fb4 1/2-1/2